01429nam a2200325 a 4500001001000000003000500010005001700015008004100032010001100073011001100084040000900095090001000104100003700114245017600151260004100327500006000368502008000428590004100508590004000549590004000589650003900629650004700668856007000715901000700785942001000792942000600802999001900808952014000827952013600967000112025CHAP20220329144242.0151118s2015 mx a fsm |||||||spa d a108486 a109458 cCHAP aTesis1 aOlvera Licona, Guadalupe913008310aEstudio tecnológico de la madera de Schinus molle L. de una plantación forestal comercial del Estado de Hidalgo, México /h[En línea]cpor Guadalupe Olvera Licona. aChapingo, Méx. :bEl autor,c2015. aPara ver el contenido del material haga clic en la liga aTesis (Ing. Forestal Industrial) -- UACH. División de Ciencias Forestales aE11695DGDb10c20151119lUCH01h0830 aE6096MTMb05c20151118lUCH01h1337 aE6096MTMb05c20151118lUCH01h133814aMaderaxPropiedades y usos.96962114aSchinus mollexMaderaxAnálisis.9130104 aFinding aiduhttp://10.13.5.2/tesis/sist112025.pdfzTeclea aquí aBK cTESIS n0 c108486d108486 00102local4053708TESISaBCbBCcPA_TESISd2015-11-18fTESISl0oTesisp33724002511595r2019-12-31 00:00:00tc.2w2019-12-31yTESIS 00104054718TESISaBCbBCd2015-11-18fTESISl0oTesisp33724002511637r2019-12-31 00:00:00w2019-12-31yTESISzRecien adquirido